| 000 | 00490nam a2200157Ia 4500 | ||
|---|---|---|---|
| 008 | 170224s9999 xx 000 0 und d | ||
| 100 | _aAndrea Ceron | ||
| 245 | _aE-campaigning on Twitter: The effectiveness of distributive promises and negative campaign in the 2013 Italian election | ||
| 245 | _cAndrea Ceron, Giovanna d’Adda | ||
| 260 | _bNew Media & Society | ||
| 260 | _c2016 | ||
| 300 | _a18:9 | ||
| 500 | _a2016 | ||
| 650 | _xCommunication Arts | ||
| 650 | _xMultimedia Arts | ||
| 999 |
_c316199 _d316199 |
||